Generator Puzzle #63 - Statistics

General Stats
  • This quiz has been taken 118 times
  • The average score is 10 of 21
Answer Stats
word % Correct
hospital employee nurse
90%
what Pavarotti was tenor
84%
Earth's top land layer crust
72%
35.3 of these per kilogram ounce
72%
lurer of sailors to shipwreck siren
71%
final university year senior
68%
on-board ship holiday cruise
67%
the Far East the {Orient}
64%
Italian city on Po River Turin
54%
6-legged critter insect
47%
remove politically suspect text censor
38%
a sign, or to become aware of notice
37%
sexy, arousing erotic
36%
long bench where café diners eat counter
29%
water-holding tank cistern
28%
capital of Normandy Rouen
26%
potential lover suitor
24%
regular habitual behavior routine
20%
stupid person cretin
16%
over-anxious and unstable neurotic
16%
9-letter word COUNTRIES
15%
No matching quizzes found
Score Distribution
Percent of People with Each Score
Percentile by Number Answered
Your Score History
You have not taken this quiz